Química analítica cualitativa

Guardat en:
Dades bibliogràfiques
Autors principals: Burriel Martí, Fernando (Autor), Lucena Conde, Felipe (Autor), Arribas Jimeno, Siro (Autor), Hernández Méndez, Jesús (Autor)
Format: Llibre
Idioma:espanyol
Publicat: Madrid Paraninfo 1983
Matèries:
Etiquetes: Afegir etiqueta
Sense etiquetes, Sigues el primer a etiquetar aquest registre!

MARC

LEADER 00000nam a2200000 a 4500
001 UCZ1277
003 CL-VaPUC
008 950817e19830000SP |||||||||||||||||spa|d
082 0 4 |a 544  |b BUR  |2 21 
100 |a Burriel Martí, Fernando  |e author  |9 313745 
700 0 |a Lucena Conde, Felipe  |e author  |9 344800 
700 0 |a Arribas Jimeno, Siro  |e author  |9 344801 
700 0 |a Hernández Méndez, Jesús  |e author  |9 344802 
245 1 0 |a Química analítica cualitativa 
300 |a 234 p 
942 |c BK 
945 |d 19950817 00:00:00  |a awong 
260 |a Madrid  |b Paraninfo  |c 1983 
500 |a Contiene solamente capítulos I al V 
650 0 |a Química analítica  |9 259648 
650 7 |a CATIONES  |2 CL-VaPUC  |9 344803 
650 0 |a Aniones   |9 344792 
583 |a last modification  |c 19950817 00:00:00  |k Rodrigo Vera 
999 |c 238048  |d 238046